| Tag |
First Indicator |
Second Indicator |
Subfields |
| LEADER |
00000cam a2200000 4500 |
| 001 |
in00000035625 |
| 005 |
20151007062051.0 |
| 008 |
750725s1955 mauf b 00000 eng u |
| 010 |
|
|
|a 54010713
|
| 035 |
|
|
|a (OCoLC)01476793
|
| 035 |
|
|
|9 AAD3876AM
|
| 040 |
|
|
|c MDY
|d TXA
|d UtOrBLW
|
| 049 |
|
|
|a TXAM
|c [250894]
|
| 050 |
|
0 |
|a NE659
|b .P45
|
| 082 |
0 |
|
|a 769.945
|
| 092 |
|
|
|a 760
|b P561e
|
| 100 |
1 |
|
|a Phillips, John Goldsmith.
|
| 245 |
1 |
0 |
|a Early Florentine designers and engravers: Maso Finiguerra, Baccio Baldini, Antonio Pollaiuolo, Sandro Botticelli, [and] Francesco Rosselli. :
|b A comparative analysis of early Florentine nielli, intarsias, drawings, and copperplate engravings.
|
| 264 |
|
1 |
|a Cambridge :
|b Published for the Metropolitan Museum of Art [by] Harvard University Press,
|c 1955.
|
| 300 |
|
|
|a xxii, 96 pages :
|b 112 plates. ;
|c 30 cm.
|
| 336 |
|
|
|a text
|b txt
|2 rdacontent
|
| 337 |
|
|
|a unmediated
|b n
|2 rdamedia
|
| 338 |
|
|
|a volume
|b nc
|2 rdacarrier
|
| 504 |
|
|
|a Bibliography: pages 89-90.
|
| 650 |
|
0 |
|a Engraving, Italian.
|
| 650 |
|
0 |
|a Niello.
|
| 650 |
|
0 |
|a Marquetry.
|
| 650 |
|
0 |
|a Drawing, Italian.
|
| 650 |
|
0 |
|a Engravers
|z Italy.
|
| 710 |
2 |
|
|a Metropolitan Museum of Art (New York, N.Y.)
|
| 999 |
|
|
|a MARS
|
| 999 |
f |
f |
|s 9b129cc0-94e9-3fc1-9a5d-0ca055b9f387
|i 9eed2322-dc62-3541-ae2b-6f8a80544b13
|t 0
|
| 952 |
f |
f |
|p normal
|a Texas A&M University
|b College Station
|c Sterling C. Evans Library
|d Evans: Library Stacks
|t 0
|e NE659 .P45
|h Library of Congress classification
|i unmediated -- volume
|m A14801159370
|
| 998 |
f |
f |
|a NE659 .P45
|t 0
|l Evans: Library Stacks
|